| 000 | 00359nam a22001457a 4500 | ||
|---|---|---|---|
| 008 | 230508b ||||| |||| 00| 0 eng d | ||
| 020 | _a9781414486505 | ||
| 041 | _aeng | ||
| 080 |
_2VOLUME 1 ,2,3,4,5,6 _a030 |
||
| 082 | _a030 GAL | ||
| 100 | _a6 | ||
| 101 | _aENCI.MJEKSI | ||
| 245 |
_aTHE GALE ENCYCLOPEDIA OF MEDICINE _cFUNDUKIAN.J.L |
||
| 942 |
_2udc _cBK |
||
| 999 |
_c59656 _d59656 |
||